Členstvo Slovenskej republiky v eurozóne
Slovenská republika vstúpila po splnení konvergenčných kritérií od 1. januára 2009 do eurozóny. Euro sa stalo národnou menou. Problémy vzniknuté so zavedením eura v SR zvládli všetky inštitúcie, verejná správa a samospráva, podnikatelský sektor i obyvatelia dobrou pripravenosťou celého procesu.
Gespeichert in:
| 1. Verfasser: | |
|---|---|
| Format: | Buchkapitel |
| Sprache: | Slowakisch |
| Schlagworte: | |
| Tags: |
Keine Tags, Fügen Sie das erste Tag hinzu!
|
MARC
| LEADER | 00000nla$a2200000$$$4500 | ||
|---|---|---|---|
| 001 | 0108364 | ||
| 005 | 20240502072209.1 | ||
| 041 | 0 | |a slo | |
| 044 | |a SK | ||
| 245 | 1 | 0 | |a Členstvo Slovenskej republiky v eurozóne |c Stanislava Veselovská |
| 520 | |a Slovenská republika vstúpila po splnení konvergenčných kritérií od 1. januára 2009 do eurozóny. Euro sa stalo národnou menou. Problémy vzniknuté so zavedením eura v SR zvládli všetky inštitúcie, verejná správa a samospráva, podnikatelský sektor i obyvatelia dobrou pripravenosťou celého procesu. | ||
| 610 | 2 | 0 | |a euro |
| 610 | 2 | 0 | |a eurozóna |
| 610 | 2 | 0 | |a Slovensko |
| 610 | 2 | 0 | |a únie menové |
| 610 | 2 | 0 | |a konvergencia |
| 100 | 1 | |a Veselovská, Stanislava, 1957- | |